| Поле | Инд. | ПП | Название | Значение |
|---|---|---|---|---|
| Тип записи | a | |||
| Библиографический уровень | m | |||
| 001 | Контрольный номер | UNIDUBNA602e11eb71f7493e97eaf2080a46f73a | ||
| 005 | Дата корректировки | 20260521141857.1 | ||
| 008 | Кодируемые данные | 20260521 | ||
| 084 | a | Индекс другой классификации/Индекс ББК | 26.2 | |
| 090 | a | Полочн. индекс | 95.45 | |
| 099 | a | Индекс | 42217 | |
| 245 | 10 | a | Заглавие | Геофизический вестник |
| n | Номер части/ раздела | №1/2026 | ||
| b | Продолж. заглавия | информационный журнал Евро-Азиатского географического общества | ||
| c | Ответственность | гл. ред. Л. А. Золотая | ||
| 260 | c | Дата издания | 2026 | |
| b | Издательство | Евро-Азиатское географическое общество | ||
| a | Место издания | Москва | ||
| 300 | a | Объем | 36 с. | |
| 500 | a | Примечание | Журнал | |
| a | Примечание | Текст выпуска в электронном виде | ||
| 600 | a | Персоналии | Кременецкий Михаил Израилевич | |
| a | Персоналии | Шайдеров Алексей Михайлович | ||
| 650 | 04 | a | Основная рубрика | геофизика |
| a | Основная рубрика | науки о Земле | ||
| 653 | a | Ключевые слова | "Роснефть" (компания) | |
| a | Ключевые слова | геолого-геофизические работы | ||
| a | Ключевые слова | геохимия | ||
| a | Ключевые слова | зарубежные научные журналы | ||
| a | Ключевые слова | карьерное развитие | ||
| a | Ключевые слова | Китай | ||
| a | Ключевые слова | конференции | ||
| a | Ключевые слова | литология | ||
| a | Ключевые слова | морская геология | ||
| a | Ключевые слова | несейсмические методы | ||
| a | Ключевые слова | образование | ||
| a | Ключевые слова | петрофизика | ||
| a | Ключевые слова | природоохранная сфера | ||
| a | Ключевые слова | Россия | ||
| a | Ключевые слова | Рудная школа | ||
| a | Ключевые слова | симпозиумы | ||
| a | Ключевые слова | устойчивое развитие | ||
| a | Ключевые слова | форумы | ||
| 773 | 18 | w | Контрольный № источника | RU/IS/BASE/388509351 |
| 900 | x | Справочная информация | Полный текст | |
| 901 | t | Тип документа | s | |
| 952 | a | Тип литературы для КСУ ВШ | НЖ | |
| 991 | s | 3 |